Titres de chansons à compléter ( version francophone ) - Statistiques

Statistiques générales
  • Ce quiz a été pris 1 169 fois
  • Le résultat moyen est 21 sur 50
Statistiques - réponses
Mots Chansons Artistes % Correct
Emmène Je t'__________ au vent Louise Attaque
91%
Mauvais Un jour au ___________ endroit Calogero
88%
Laissé Tu ne m'as pas __________ le temps David Hallyday
85%
Maman Allo ___________ bobo Alain Souchon
83%
Perdre Aimer à ___________ la raison Jean Ferrat
82%
Sens Le _________ de la vie Tal
80%
Terre La _________ est ronde Orelsan
80%
Donne _________ moi ton coeur Louane
75%
Dingue Raide _________ de toi G-Squad
74%
Tout Plus que __________ au monde Pascal Obispo
73%
Comme __________ ils disent Charles Aznavour
66%
Coeur Mon ________, mon amour Anaïs
64%
Double __________ je Christophe Willem
64%
Pure Ce matin va être une _________ soirée Fatal Bazooka
64%
Nana Marre de cette _________-là Patrick Bruel
63%
Eblouie __________ par la nuit Zaz
57%
Chose Quelque _________ dans mon coeur Elsa
52%
Arbres Aux __________ citoyens Yannick Noah
50%
Mise __________ au point Jakie Quartz
50%
Traîne J'__________ des pieds Olivia Ruiz
47%
Homme Un __________ extraordinaire Les Innocents
44%
Ami Pas d'_________ comme toi Stephan Eicher
43%
Venin Crache ton _________ Téléphone
43%
Boîte La ________ de jazz Michel Jonasz
42%
Louxor ___________ j'adore Katerine
42%
Vivants Aimons-nous __________ François Valéry
42%
Connaît On se ___________ Youssoupha
41%
Black White and _________ blues Joëlle Ursull
40%
Rencontré J'ai __________ l'homme de ma vie Diane Dufresne
35%
Requiem ___________ pour un con Serge Gainsbourg
35%
Résonnent Des mots qui ___________ Jenifer
35%
Casquette ___________ à l'envers Sexion d'Assaut
30%
Maison Dans la _________ vide Michel Polnareff
30%
Manouche Comme un ___________ sans guitare Thomas Dutronc
30%
Blues Le __________ de toi Gilbert Montagné
27%
Bonheur Fuir le __________ de peur qu'il ne se sauve Jane Birkin
22%
Signe Fais-moi un __________ Gérard Palaprat
22%
Jimmy Quand __________ dit Patricia Kaas
19%
Suffirait Il ___________ de presque rien Serge Reggiani
19%
Soleil Du __________ dans la nuit Gérard Blanc
14%
Maximum La peine __________ Pablo Villafranca
12%
Marche Je __________ à l'envers Ophélie Winter
10%
Sweet Homme _________ homme Zazie
10%
Biguine Ma première _________ partie La Compagnie Créole
9%
Manège Ma vie est un _________ Nicoletta
9%
Poids Coeur ________ plume Hervé
7%
Larmes Les __________ des maux Les Infidèles
6%
Brouillards Dans les ____________ de Londres Thierry Hazard
5%
Sexy Adulte et __________ Emmanuel Moire
4%
Maille J'aime ta __________ Yannick
2%
Aucun quiz correspondant
Distribution des résultats
% des personnes avec chaque résultat
Percentile par nombre de réponses
Votre historique - résultats
Vous n’avez pas pris ce quiz